La Proteccin̤ de los derechos fundamentales el modelo europeo /

Detalles Bibliográficos
Autor principal: Monereo Přez, Jos ̌Luis
Formato: Libro
Lenguaje:español
Publicado: Albacete : Bomarzo, 2009
Colección:Estudios (Bomarzo)
Materias:
Acceso en línea:Acceso restringido

MARC

LEADER 00000nam a2200000 a 4500
005 20111007131658.0
008 090729s2009 sp |||| |||||0|| 0 spa|c
017 |a DL AB. 154-2009 
020 |a 9788496721814 
035 |a 5831 
040 |d vLex 
080 |a 341.231.14 
090 |c 2631  |d 2631 
100 1 |a Monereo Přez, Jos ̌Luis 
245 1 3 |a La Proteccin̤ de los derechos fundamentales   |h [Recurso electrn̤ico] :  |b el modelo europeo /  |c Jos ̌Luis Monereo Přez 
256 |a Servicio en ln̕ea. 
260 |a Albacete :  |b Bomarzo,  |c 2009 
300 |a 314 p. ;  |c 24 cm 
490 1 |a Coleccin̤ estudios 
504 |a Incluye referencias bibliogrf̀icas (p. 255-271) 
505 8 |a Contiene: Declaraciones de derechos y "garanta̕s" de los derechos -- Las declaraciones en las constituciones -- El constitucionalismo social y los presupuestos objetivos para la efectividad de los "derechos fundamentales" -- El garantismo jurd̕ico y los derechos sociales -- El enfoque de las "capacidades" como complemento del "enfoque de los derechos" -- Las declaraciones de derechos en el sistema de los Tratados de la Unin̤ Europea. Un marco "constitucional" insuficiente -- Reflexin̤ polt̕ico-jurd̕ica y jurd̕ico-crt̕ica general 
506 1 |a Contenido solo disponible en los productos indicados  |d vLex Global  |d vLex Global (Academic Edition, excluding Law Schools)  |d vLex Global (U.S. Academic Edition, Law Schools)  |d vLex Global (U.S. Academic Edition, excluding Law Schools)  |d vLex Global (Academic Edition, Law Schools) 
650 4 |a Derechos civiles  |z Comunidad Europea, Paises de la 
650 4 |a Derechos Humanos  |z Comunidad Europea, Paises de la 
740 0 |a vLex Libros (Servicio en ln̕ea) 
830 0 |a Estudios (Bomarzo) 
856 4 0 |u http://vlex.com/source/proteccion-derechos-fundamentales-modelo-europeo-5831  |z Acceso restringido 
942 |c BOOK